| 000 | 00587nam a22002297a 4500 | ||
|---|---|---|---|
| 003 | OSt | ||
| 005 | 20140310184259.0 | ||
| 008 | 121112t xxu||||| |||| 00| 0 eng d | ||
| 020 | _a043966165X | ||
| 050 |
_aPZ 7 _b.P924cv 2004 |
||
| 100 |
_aPreller, James _96900 |
||
| 245 |
_aThe Case of the Vanishing Painting / _cJames Preller. |
||
| 260 |
_aNew York : _bScholastic Inc, _c2004. |
||
| 300 |
_bill. ; _c19 cm. |
||
| 440 |
_aA Jigsaw Jones Mystery _922975 |
||
| 521 | _aG2 | ||
| 526 | _c480 | ||
| 562 | _e2 | ||
| 942 |
_2lcc _cBK-SCHOLAS |
||
| 999 |
_c33438 _d33438 |
||